[Event "BDO Masters"]
[Site "Haarlem NED"]
[Date "2005.09.03"]
[Round "8"]
[White "Abeln,M"]
[Black "Gaprindashvili,N1"]
[Result "1-0"]
[WhiteElo "2355"]
[BlackElo "2318"]

1.d4 g6 2.c4 d6 3.Nc3 Nd7 4.e4 e5 5.Nf3 Bg7 6.Be2 f6 7.O-O Nh6 8.Rb1 c6 9.b4 O-O
10.d5 c5 11.a3 Nf7 12.Qc2 a6 13.Bd3 Qc7 14.Nd2 Bh6 15.Qb3 b6 16.Rd1 Rb8 17.Bb2 Rb7
18.Nf1 Qb8 19.Qc2 b5 20.cxb5 axb5 21.Qe2 c4 22.Bc2 Rc7 23.h4 Rd8 24.Nh2 Bg7
25.h5 Nf8 26.Qf3 Nh6 27.Bc1 Rf7 28.hxg6 hxg6 29.Qg3 Bd7 30.Qh4 g5 31.Qh5 Be8
32.Qe2 Ng6 33.a4 Nf4 34.Bxf4 gxf4 35.axb5 Bf8 36.Ba4 Rg7 37.b6 Bf7 38.Qxc4 Bh5
39.Rd3 Qxb6 40.Bd1 Be8 41.b5 Ra8 42.Qb4 Rb8 43.Be2 Bd7 44.Qb3 Be7 45.Qd1 Bd8
46.Ra1 Qb7 47.Ra6 Bb6 48.Na4 Bxf2+ 49.Kxf2 Bxb5 50.Ra5 Bxd3 51.Qxd3 Rg3 52.Qa6 Qc7
53.Rb5 Rxb5 54.Qxb5 Qc2 55.Nf1 Ra3 56.Nb6 Rb3 57.Qe8+ Kg7 58.Qe7+ Kg6 59.Qe8+ Kg7
60.Qd7+ Nf7 61.Qg4+ Ng5 62.Qd7+ Kh6 63.Nc4 Qxe4 64.Ncd2 Qd4+ 65.Ke1 Qb4 66.Qf5 Kg7
67.Bh5 Ra3 68.Qg6+ Kh8 69.Qxf6+ Kh7 70.Bg6+ Kg8 71.Qxg5 Ra1+ 72.Ke2 Ra7 73.Bf5+ Kf8
74.Qh6+ Rg7 75.Qh8+ Kf7 76.Be6+ Kg6 77.Qe8+ Kg5 78.Nf3+  1-0

[Event "Wch-Seniors"]
[Site "Lignano Sabbiadoro ITA"]
[Date "2005.09.28"]
[Round "1"]
[White "Gaprindashvili,N1"]
[Black "Miessner,R"]
[Result "1-0"]
[WhiteElo "2318"]
[BlackElo "1773"]

1.d4 d5 2.c4 e6 3.Nf3 c6 4.Qb3 Nf6 5.Bf4 Nbd7 6.e3 Be7 7.h3 a6 8.c5 b5 9.Nbd2 Ne4
10.Nxe4 dxe4 11.Nd2 Nf6 12.Be5 Qd5 13.Qc2 Nd7 14.Bxg7 Rg8 15.Bh6 f5 16.g4 Bg5
17.Bxg5 Rxg5 18.Be2 Nf6 19.f4 exf3 20.Bxf3 Qd7 21.O-O-O Nd5 22.Rde1 Kd8 23.a3 Kc7
24.e4 Nf4 25.Nb3 a5 26.Qd2  1-0

[Event "Wch-Seniors"]
[Site "Lignano Sabbiadoro ITA"]
[Date "2005.09.29"]
[Round "2"]
[White "Maugg,L"]
[Black "Gaprindashvili,N1"]
[Result "0-1"]
[WhiteElo "2125"]
[BlackElo "2318"]

1.d4 g6 2.c4 d6 3.Nc3 Nd7 4.e4 e5 5.Nf3 Bg7 6.Be2 c6 7.Be3 Nh6 8.Qd2 Ng4
9.Bg5 f6 10.Bh4 Nh6 11.dxe5 dxe5 12.O-O-O Nf7 13.Kb1 O-O 14.h3 Qe7 15.g4 Nb8
16.Qc2 Be6 17.Nd2 Rd8 18.f3 Bh6 19.c5 Nd7 20.Na4 b5 21.cxb6 axb6 22.Nc3 Be3
23.Bc4 b5 24.Bxe6 Qxe6 25.Qb3 Qe7 26.Nd5 cxd5 27.Qxe3 d4 28.Qb3 Nc5 29.Qxb5 Na4
30.Nb3 Nxb2 31.Rd2 Na4 32.Qc6 Nc3+ 33.Ka1 Qa3  0-1

[Event "Wch-Seniors"]
[Site "Lignano Sabbiadoro ITA"]
[Date "2005.09.30"]
[Round "3"]
[White "Gaprindashvili,N1"]
[Black "Wagman,S"]
[Result "1-0"]
[WhiteElo "2318"]
[BlackElo "2142"]

1.d4 d5 2.c4 c6 3.Nf3 Nf6 4.Qb3 dxc4 5.Qxc4 e6 6.g3 Qb6 7.Nc3 Be7 8.Bg2 O-O
9.O-O Rd8 10.a3 c5 11.dxc5 Qxc5 12.Qxc5 Bxc5 13.b4 Be7 14.Bf4 Nd5 15.Nxd5 exd5
16.Rac1 Na6 17.Rfd1 Be6 18.Nd4 Rd7 19.e4 Rad8 20.Nxe6 fxe6 21.exd5 Bf6 22.Bh3  1-0

[Event "Wch-Seniors"]
[Site "Lignano Sabbiadoro ITA"]
[Date "2005.10.01"]
[Round "4"]
[White "Klovans,J"]
[Black "Gaprindashvili,N1"]
[Result "1/2-1/2"]
[WhiteElo "2463"]
[BlackElo "2318"]

1.e4 b6 2.d4 Bb7 3.Nd2 e6 4.Ngf3 d6 5.Bd3 g6 6.O-O Bg7 7.Re1 Ne7 8.Nf1 O-O
9.Ng3 c5 10.c3 Nbc6 11.Be3 e5 12.d5 Nb8 13.Nd2 Na6 14.a4 Nc7 15.f3 Bc8 16.b4 Bd7
17.Nc4 Nc8 18.bxc5 bxc5 19.Qb3 Nb6 20.Nf1 Nxc4 21.Bxc4 Rb8 22.Qc2 Qe7 23.Reb1 Rfc8
24.Nd2 Qe8 25.Be2 Rxb1+ 26.Nxb1 Rb8 27.Nd2 Bf8 28.Nc4 Qc8 29.f4 f6 30.Na5 Qe8
31.Bc4 Bh6 32.g3 Kg7 33.Bd3 exf4 34.Bxf4 Bxf4 35.gxf4 f5 36.Nc4 fxe4 37.Bxe4 Qf8
38.Qd2 Ne8 39.a5 Nf6 40.Bf3 Bf5 41.Re1 Rb7 42.Qe3 Rf7 43.Qe2 Qd8 44.Qd2 Bc8
45.Qc1 Ba6 46.Nxd6 Qxd6 47.Re6 Qd7 48.Rxa6 Nxd5 49.Qd2 Nxf4 50.Qxd7 Rxd7
51.Rc6 Rd3 52.Kf2 Rxc3 53.Rc7+ Kf6 54.Rxa7 Nd3+ 55.Ke2 Nf4+ 56.Kf2 Nd3+  1/2-1/2

[Event "Wch-Seniors"]
[Site "Lignano Sabbiadoro ITA"]
[Date "2005.10.02"]
[Round "5"]
[White "Gaprindashvili,N1"]
[Black "Ivanets,V RUS"]
[Result "1-0"]
[WhiteElo "2318"]
[BlackElo "2290"]

1.d4 b5 2.e4 Bb7 3.Nd2 a6 4.c3 Nf6 5.Bd3 d6 6.a4 Nbd7 7.Ngf3 bxa4 8.Qxa4 e6
9.O-O Be7 10.Qc2 h6 11.Nb3 O-O 12.Na5 Qc8 13.Qe2 e5 14.Re1 Re8 15.Nxb7 Qxb7
16.Rxa6 c5 17.dxe5 dxe5 18.Rxa8 Rxa8 19.Nd2 Nb6 20.Nf1 Ra1 21.Ng3 Bf8 22.b3 Nc8
23.Bc4 Nd6 24.Bd2 Ra2 25.Rd1 Nxc4 26.Qxc4 Rb2 27.Be1 Rxb3 28.Rd8 Qb5 29.Qxb5 Rxb5
30.Kf1 Rb2 31.Bd2 Rb7 32.Be3 Nd7 33.Nf5 Kh7 34.Bd2 g6 35.Ne3 Be7 36.Rc8 Bg5
37.Ke2 h5 38.Nc4 Bxd2 39.Kxd2 Ra7 40.Kd3 Kg7 41.f3 h4 42.h3 Nf8 43.Nxe5 Ne6
44.Kc4 Kf6 45.Nd3 Ra2 46.Rh8 g5 47.Rg8 Rxg2 48.f4 Rg3 49.fxg5+ Nxg5 50.Nf4 Nxe4
51.Nh5+ Ke5 52.Nxg3 hxg3 53.h4 Kf4 54.h5 Ng5 55.h6 f6 56.Rg6 g2 57.h7 g1=Q
58.Rxf6+ Ke3 59.h8=Q Qg4+ 60.Kb5 Ne4 61.Rc6 Qe2+ 62.c4 Qa2 63.Ra6 Qb3+ 64.Kc6 Qxc4
65.Ra3+ Kf4 66.Qh2+ Kg4 67.Qg2+ Kf4 68.Rf3+  1-0

[Event "Wch-Seniors"]
[Site "Lignano Sabbiadoro ITA"]
[Date "2005.10.03"]
[Round "6"]
[White "Hecht,HJ"]
[Black "Gaprindashvili,N1"]
[Result "1-0"]
[WhiteElo "2388"]
[BlackElo "2318"]

1.d4 d5 2.c4 e6 3.Nf3 Nf6 4.g3 g6 5.Bg2 Bg7 6.O-O O-O 7.Nc3 Na6 8.Qb3 c5
9.cxd5 exd5 10.Bf4 cxd4 11.Nxd4 Nc5 12.Qc2 Nfe4 13.Rad1 Nxc3 14.bxc3 Ne6
15.Be3 Qa5 16.Nb3 Qxc3 17.Qxc3 Bxc3 18.Bxd5 a5 19.Rd3 Bb4 20.Rc1 Ra6 21.Rxc8 Rxc8
22.Bxb7 Rac6 23.Bxc6 Rxc6 24.a3 Bc3 25.Nd4 Bxd4 26.Bxd4 f5 27.Bc3 Rc5 28.Kf1 Kf7
29.Ke1 Nc7 30.Bd4 Rd5 31.e3 a4 32.Rc3 Nb5 33.Rc4 Nxa3 34.Rxa4 Nb5 35.Kd2 Ke6
36.Kd3 Rd7 37.Ra6+ Rd6 38.Ra5 Rd5 39.Ra8 Rd7 40.h4 Rb7 41.Ra6+ Kd5 42.Ra5 Ke6
43.f3 Nxd4 44.exd4 Rb3+ 45.Ke2 Kd6 46.h5 Ke6 47.Ra7 gxh5 48.Rxh7 f4 49.gxf4 Kd5
50.Rxh5+ Kxd4 51.Kf2 Rb2+ 52.Kg3 Rb1 53.Re5 Rg1+ 54.Kh4 Rh1+ 55.Kg5 Rf1 56.Kf6 Rxf3
57.f5 Rh3 58.Ra5 Rf3 59.Ke6  1-0

[Event "Wch-Seniors"]
[Site "Lignano Sabbiadoro ITA"]
[Date "2005.10.04"]
[Round "7"]
[White "Gaprindashvili,N1"]
[Black "Loktiev,I"]
[Result "1-0"]
[WhiteElo "2318"]
[BlackElo "2396"]

1.d4 Nf6 2.c4 e6 3.Nc3 Bb4 4.g3 d5 5.Bg2 O-O 6.cxd5 exd5 7.Nf3 c6 8.O-O Re8
9.Bf4 Nbd7 10.a3 Bf8 11.Qc2 Nb6 12.Rad1 g6 13.Ne5 Bg7 14.b4 Ng4 15.Nxg4 Bxg4
16.f3 Be6 17.Kh1 Qd7 18.e4 Bh3 19.Bxh3 Qxh3 20.Qb3 dxe4 21.fxe4 Rad8 22.Bd6 Re6
23.e5 Nc8 24.Ne4 h6 25.Nc5 Rdxd6 26.exd6 Re2 27.Qxf7+ Kh7 28.Rf2 Nxd6 29.Qf3 Rxf2
30.Qxf2 Qg4 31.Rd3 b6 32.Nb3 Qe4+ 33.Qf3 Qe1+ 34.Kg2 Nf5 35.b5 cxb5 36.d5 Qe5
37.Nd2 Nd6 38.Nf1 a5 39.Re3 Qd4 40.Re6 Nf5 41.Kh3 h5 42.Ne3 Qd3 43.Qe4 Qxe4
44.Rxe4 Nd6 45.Re7 Kg8 46.Rd7 Bf8 47.Nc2 Nc4 48.Rb7 Bc5 49.Kh4 b4 50.axb4 axb4
51.Na1 Nd2 52.Kg5 Bd4 53.Kxg6 Kf8 54.Nc2 b3 55.Nxd4  1-0

[Event "Wch-Seniors"]
[Site "Lignano Sabbiadoro ITA"]
[Date "2005.10.06"]
[Round "8"]
[White "Chernikov,O"]
[Black "Gaprindashvili,N1"]
[Result "0-1"]
[WhiteElo "2410"]
[BlackElo "2318"]

1.d4 g6 2.e4 c6 3.Nc3 d5 4.e5 h5 5.h3 Bf5 6.Nge2 e6 7.Ng3 Nh6 8.Bxh6 Bxh6
9.Nxf5 gxf5 10.h4 Nd7 11.a3 c5 12.Bb5 cxd4 13.Qxd4 a6 14.Be2 Bg7 15.f4 f6
16.exf6 Bxf6 17.Qe3 Qe7 18.O-O-O d4 19.Rxd4 Bxd4 20.Qxd4 O-O-O 21.Bf3 Nc5
22.Qe5 Qd6 23.Re1 Rh6 24.Qxd6 Rxd6 25.Ne2 Nd7 26.Ng1 b5 27.Nh3 Kd8 28.Nf2 Ke7
29.Nd3 Rh8 30.b3 Rc8 31.Re3 Nf6 32.Kb2 Ng4 33.Re1 Kf6 34.Re2 Nh2 35.Ne5 Nxf3
36.Nxf3 a5 37.Re5 Rd5 38.Re3 b4 39.axb4 axb4 40.Ne5 Rd2 41.Nc4 Rxg2 42.Rd3 Ke7
43.Ne3 Rf2 44.Rd4 Rc3  0-1

[Event "Wch-Seniors"]
[Site "Lignano Sabbiadoro ITA"]
[Date "2005.10.07"]
[Round "9"]
[White "Spassov,L"]
[Black "Gaprindashvili,N1"]
[Result "1-0"]
[WhiteElo "2396"]
[BlackElo "2318"]

1.d4 g6 2.c4 d6 3.e4 Nd7 4.Nc3 e5 5.Be3 Nh6 6.f3 f5 7.Qd2 Nf7 8.Nge2 f4 9.Bf2 Bh6
10.O-O-O c6 11.Kb1 Qe7 12.Nc1 O-O 13.Nb3 b6 14.Be2 exd4 15.Nxd4 Nde5 16.Rc1 Bd7
17.Rhd1 Rfb8 18.a3 a6 19.Nb3 Be6 20.Na2 b5 21.Na5 bxc4 22.Nb4 Qe8 23.Bxc4 Nxc4
24.Nxc4 a5 25.Nd3 Rb5 26.Bd4 c5 27.Bf2 Rab8 28.Qc2 Rb3 29.Rd2 Bg7 30.e5 Qb5
31.Ka1 Bf5 32.Qd1 Rxd3 33.Rxd3 Nxe5 34.Rxd6 Nxc4 35.Rd8+ Rxd8 36.Qxd8+ Kf7
37.Qc7+ Kg8 38.Qd8+ Kf7 39.Qc7+ Bd7 40.Qxf4+ Ke8 41.Re1+ Kd8 42.Qg5+ Kc8
43.Qxc5+ Qxc5 44.Bxc5 Nxb2 45.Re7 Bf6 46.Rf7 Bc3 47.Be7 Nc4+ 48.Kb1 Bf5+
49.Kc1 Bb2+ 50.Kd1 Ne3+ 51.Ke2 Nxg2 52.Bd6 Bd7 53.Rxh7 g5 54.Rf7 Nf4+ 55.Kd2 Ne6
56.Rh7 Bg7 57.h4 gxh4 58.Rxh4 Kb7 59.Rc4 Bc6 60.f4 Nd4 61.a4 Bxa4 62.Rxa4 Kc6
63.Be7 Kb5 64.Ra2 Kc4 65.Ra3 Bh6 66.Ra4+ Kd5 67.Kd3 Nc6 68.Bg5 Bf8 69.Ra1 Bg7
70.Ra4 Nb4+ 71.Ke2 Nc6 72.Bh4 Bc3 73.Be1 Bb4 74.Bxb4 axb4 75.Kd3 Kc5 76.f5 Ne5+
77.Ke4 Nf7 78.Ra7 Nd6+ 79.Ke5 Nc4+ 80.Ke6 Ne3 81.Rc7+ Kb6  1-0

[Event "Wch-Seniors"]
[Site "Lignano Sabbiadoro ITA"]
[Date "2005.10.09"]
[Round "11"]
[White "Malmdin,N"]
[Black "Gaprindashvili,N1"]
[Result "1-0"]
[WhiteElo "2222"]
[BlackElo "2318"]

1.e4 b6 2.d4 Bb7 3.Nc3 e6 4.Nf3 d6 5.Bf4 Nd7 6.Qd2 h6 7.h4 g6 8.O-O-O a6
9.Bd3 Bg7 10.Rh3 Ne7 11.Kb1 b5 12.Re1 Nb6 13.d5 e5 14.Be3 Qd7 15.Nh2 h5 16.f3 O-O-O
17.Qf2 Na8 18.Qd2 Kb8 19.g4 Nb6 20.Bxb6 cxb6 21.Bf1 Qc7 22.g5 f5 23.Rg3 Bc8
24.Bd3 Rhf8 25.Ne2 fxe4 26.fxe4 Rf2 27.Nf3 Rf8 28.Qe3 Qc5 29.Ned4 Qxd4 30.Nxd4 exd4
31.Qc1 Be5 32.Rgg1 Bf4 33.Qd1 Bd2 34.Re2 Bg4 35.Qxd2 Bxe2 36.Bxe2 Rh2 37.Qe1 Rff2
38.Bd3 Rf3 39.a3 Rxh4  1-0

[Event "Independence Day Women"]
[Site "Sheki AZE"]
[Date "2005.10.15"]
[Round "1"]
[White "Gaprindashvili,N1"]
[Black "Zhukova,N"]
[Result "1-0"]
[WhiteElo "2326"]
[BlackElo "2466"]

1.d4 d5 2.c4 c6 3.Nf3 Nf6 4.Qb3 dxc4 5.Qxc4 Bg4 6.Nbd2 e6 7.g3 Be7 8.Bg2 O-O
9.Ne5 Bh5 10.Nb3 Nbd7 11.Nxd7 Nxd7 12.Bf4 Nb6 13.Qc1 a5 14.Bd2 a4 15.Nc5 Qxd4
16.Nxb7 Ra7 17.Qxc6 Nd5 18.Bc3 Nxc3 19.bxc3 Qe5 20.O-O Qxe2 21.Rfe1 Qb2 22.Nd6 Bxd6
23.Qxd6 Bg6 24.c4 Rc8 25.c5 h5 26.c6 h4 27.gxh4 Rac7 28.a3 Qf6 29.Qg3 Rxc6
30.Bxc6 Rxc6 31.Qg5 Qxg5+ 32.hxg5 Rc5 33.h4 Rc4 34.f3 Rc2 35.Rec1 Rb2 36.Rc4 Bc2
37.Rc7 Bb3 38.h5 Kh7 39.Rxf7 e5 40.Re7 Bd5 41.Rf1 Rb3 42.Kg2 Rxa3 43.h6 Rd3
44.Rxg7+ Kh8 45.Re7 a3 46.g6  1-0

[Event "Independence Day Women"]
[Site "Sheki AZE"]
[Date "2005.10.16"]
[Round "2"]
[White "Javakhishvili,L"]
[Black "Gaprindashvili,N1"]
[Result "0-1"]
[WhiteElo "2410"]
[BlackElo "2326"]

1.d4 g6 2.c4 d6 3.Nf3 Nd7 4.e4 Bg7 5.Nc3 e5 6.Be2 c6 7.Be3 Nh6 8.h3 f6 9.Qd2 Nf7
10.g4 Qe7 11.d5 Nf8 12.b4 h5 13.Rg1 hxg4 14.hxg4 Qc7 15.Rd1 Bd7 16.c5 dxc5
17.bxc5 Qc8 18.Qb2 g5 19.Rb1 Nd8 20.Nd2 Ng6 21.Nc4 Bf8 22.a4 Kf7 23.d6 Rh4
24.f3 Rh2 25.a5 Kg7 26.Na4 Be6 27.Qc3 Nf7 28.Qb4 Nf4 29.Bf1 Rb8 30.Bxf4 gxf4
31.Rg2 Ng5 32.Nd2 Rh1 33.a6 b5 34.cxb6 Qxa6 35.b7 Qd3 36.Rf2 Bxd6 37.Qc3 Qxc3
38.Nxc3 Bc5 39.Na4 Bd4 40.Ke2 Kf7 41.Rb4 c5 42.Rb5 Bd7 43.Ra5 Rxb7 44.Nxc5 Bb5+  0-1

[Event "Independence Day Women"]
[Site "Sheki AZE"]
[Date "2005.10.17"]
[Round "3"]
[White "Gaprindashvili,N1"]
[Black "Makropoulou,M"]
[Result "0-1"]
[WhiteElo "2326"]
[BlackElo "2287"]

1.d4 d5 2.c4 c6 3.Nf3 Nf6 4.Qb3 dxc4 5.Qxc4 g6 6.Nc3 Bg7 7.e4 O-O 8.Be2 b5
9.Qd3 b4 10.Na4 Ba6 11.Qc2 Bxe2 12.Qxe2 Nbd7 13.O-O Qa5 14.b3 e5 15.dxe5 Ng4
16.Bb2 Ngxe5 17.Nxe5 Bxe5 18.Rac1 Rac8 19.Rfd1 Bxb2 20.Qxb2 Rfd8 21.Rd2 Nf8
22.Nc5 Rxd2 23.Qxd2 Rd8 24.Qe2 Rd4 25.g3 Qd8 26.Rc2 h5 27.h4 Rd1+ 28.Kg2 Qd4
29.Qc4 Qa1 30.Kf3 Rd4 31.Qe2 Qh1+ 32.Kf4 a5 33.f3 Qa1 34.Ke3 Rd1 35.Qc4 Rg1  0-1

[Event "Independence Day Women"]
[Site "Sheki AZE"]
[Date "2005.10.18"]
[Round "4"]
[White "Bogza,A"]
[Black "Gaprindashvili,N1"]
[Result "1-0"]
[WhiteElo "2295"]
[BlackElo "2326"]

1.Nf3 g6 2.d4 d6 3.c4 Nd7 4.Nc3 e5 5.e4 Bg7 6.Be2 f6 7.h4 h5 8.d5 Nh6 9.b4 a5
10.Ba3 axb4 11.Bxb4 Nf7 12.a4 Nc5 13.Nd2 Na6 14.Ba3 f5 15.exf5 gxf5 16.Bxh5 e4
17.Rc1 Kf8 18.g3 Ne5 19.O-O Nd3 20.Ndxe4 fxe4 21.Nxe4 Bf5 22.Qxd3 Rxh5 23.Qf3 Qe8
24.Ng5 Qg6 25.Ne6+ Kg8 26.Nf4 Qg4 27.Qxg4 Bxg4 28.f3 Re5 29.Bb2 Re3 30.Bxg7 Kxg7
31.fxg4 Rxg3+ 32.Kh2 Ra3 33.Ne6+ Kg8 34.Rf5 Nc5 35.Rg5+ Kh8 36.Rh5+ Kg8 37.Rg5+ Kh8
38.Rf1 Ra2+ 39.Kg1 Nd7 40.Rh5+ Kg8 41.Rff5 Ne5 42.Rfg5+ Kf7 43.Rg7+  1-0

[Event "Independence Day Women"]
[Site "Sheki AZE"]
[Date "2005.10.19"]
[Round "5"]
[White "Gaprindashvili,N1"]
[Black "Umudova,N"]
[Result "1-0"]
[WhiteElo "2326"]
[BlackElo "2101"]

1.d4 Nf6 2.c4 g6 3.Nf3 Bg7 4.g3 O-O 5.Bg2 d6 6.Nc3 Nbd7 7.O-O e5 8.e4 Re8
9.h3 exd4 10.Nxd4 Nc5 11.Re1 c6 12.Nb3 Be6 13.Nxc5 dxc5 14.Be3 Nd7 15.Qc2 Ne5
16.Rad1 Qa5 17.Na4 Nxc4 18.Nxc5 Nxb2 19.Bd2 Qa3 20.Nxe6 Rxe6 21.Rb1 Nd3 22.Re3 Rd8
23.Rb3 Qc5 24.Rexd3 Qxc2 25.Rxd8+  1-0

[Event "Independence Day Women"]
[Site "Sheki AZE"]
[Date "2005.10.20"]
[Round "6"]
[White "Kovalevskaya,E"]
[Black "Gaprindashvili,N1"]
[Result "1-0"]
[WhiteElo "2457"]
[BlackElo "2326"]

1.e4 c6 2.d4 d5 3.e5 g6 4.Bd3 h5 5.Ne2 Nh6 6.Nd2 Bg4 7.h3 Bxe2 8.Qxe2 e6
9.Nf3 h4 10.Bg5 Be7 11.Bxh6 Rxh6 12.O-O Kf8 13.c3 Nd7 14.Rad1 Kg7 15.Nh2 Qb6
16.Bb1 Rh5 17.f4 c5 18.Kh1 cxd4 19.cxd4 Rc8 20.Ng4 Rc4 21.Qf2 Rb4 22.b3 Kf8
23.Bc2 Nb8 24.a3 Rb5 25.b4 a5 26.Bd3 axb4 27.Bxb5 Qxb5 28.axb4 Kg7 29.Ne3 Nc6
30.Qf3 Nxb4 31.Rg1 Qc6 32.g4 hxg3 33.Rxg3 Qd7 34.Nc2 Kh7  1-0

[Event "Independence Day Women"]
[Site "Sheki AZE"]
[Date "2005.10.21"]
[Round "7"]
[White "Gaprindashvili,N1"]
[Black "Alieva,E"]
[Result "1-0"]
[WhiteElo "2326"]
[BlackElo "2176"]

1.d4 Nf6 2.c4 g6 3.Nf3 Bg7 4.g3 O-O 5.Bg2 d5 6.O-O Nc6 7.Nbd2 Re8 8.cxd5 Nxd5
9.e4 Nb6 10.d5 Na5 11.Nb3 Nxb3 12.Qxb3 e6 13.Rd1 exd5 14.exd5 Bd7 15.a4 Nc8
16.Bg5 Bf6 17.Bxf6 Qxf6 18.Qxb7 Nd6 19.Qxc7 Bg4 20.Qc3 Qxc3 21.bxc3 Rac8
22.Rdc1 Ne4 23.Ra3 Bxf3 24.Bxf3 Nd2 25.Kg2 Nxf3 26.Kxf3 Rc4 27.Rd1 Kf8 28.Rd3 Rd8
29.a5 Kg7 30.a6 Rd6 31.Ra5 h5 32.Ke3 Kf6 33.Kd2 Rc7 34.Rd4 Rb6 35.c4 Rb2+
36.Kc3 Rb1 37.Kc2 Rb4 38.Kc3 Rb1 39.d6 Rd7 40.c5 g5 41.Kc4 Ke6 42.Re4+ Kf6
43.Kd5 Rd8 44.Kc6 Rc8+ 45.Kd5 Rd1+ 46.Rd4 Re1 47.f4 g4 48.c6 Re6 49.c7  1-0

[Event "Independence Day Women"]
[Site "Sheki AZE"]
[Date "2005.10.22"]
[Round "8"]
[White "Gaprindashvili,N1"]
[Black "Vasilevich,I"]
[Result "1/2-1/2"]
[WhiteElo "2326"]
[BlackElo "2389"]

1.d4 d5 2.c4 e6 3.Nf3 Nf6 4.Bg5 Be7 5.Nc3 h6 6.Bh4 O-O 7.e3 b6 8.Be2 Bb7
9.Bxf6 Bxf6 10.cxd5 exd5 11.b4 c6 12.O-O Re8 13.Qb3 Qd6 14.Rfd1 Nd7 15.Rab1 a5
16.bxa5 Rxa5 17.a4 Ba6 18.Bxa6 Rxa6 19.Rbc1 Raa8 20.Qc2 Rec8 21.Qd3 Qe6 22.h3 Be7
23.Rb1 Bf6 24.Rb3  1/2-1/2

[Event "Chess Cruise g/15"]
[Site "Odessa/Istanbul UKR/TUR"]
[Date "2006.08.30"]
[Round "3"]
[White "Gaprindashvili,N1"]
[Black "Eingorn,V"]
[Result "0-1"]
[WhiteElo "2375"]
[BlackElo "2590"]

1.d4 Nf6 2.c4 e6 3.Nc3 Bb4 4.g3 d5 5.Bg2 O-O 6.cxd5 exd5 7.Nf3 Re8 8.O-O c6
9.Ne5 Nbd7 10.Nd3 Ba5 11.b4 Bb6 12.e3 Ne4 13.Nxe4 dxe4 14.Nc5 Nf6 15.Qc2 Qe7
16.a4 Bg4 17.b5 Rad8 18.bxc6 bxc6 19.Ba3 Bf3 20.Rfc1 Bxg2 21.Kxg2 Rd5 22.a5 Bxc5
23.Bxc5 Qd7 24.Rcb1 h5 25.h3 Rf5 26.Qe2 Rf3 27.a6 h4 28.Rb7 Qf5 29.Bd6 hxg3
30.Bxg3 Nh5 31.Ra3 Re6 32.Qe1 Rg6 33.Ra5 Rfxg3+ 34.fxg3 Qf3+ 35.Kh2 Nxg3
36.Ra1 Nf5 37.Qf1 Qg3+ 38.Kh1 Rf6 39.Qg2 Qxe3 40.Rxa7 Ng3+ 41.Kh2 Rf2 42.Ra8+ Kh7
43.a7 Rxg2+ 44.Kxg2 Qf3+ 45.Kg1 Ne2+  0-1

[Event "Chess Cruise g/15"]
[Site "Odessa/Istanbul UKR/TUR"]
[Date "2006.08.30"]
[Round "5"]
[White "Drozdovskij,Y"]
[Black "Gaprindashvili,N1"]
[Result "1-0"]
[WhiteElo "2552"]
[BlackElo "2375"]

1.d4 g6 2.Nf3 Bg7 3.c4 d6 4.Nc3 Nd7 5.g3 e5 6.Bg2 Nh6 7.O-O O-O 8.e4 f6 9.Re1 c6
10.b3 Nf7 11.Bb2 f5 12.exf5 gxf5 13.dxe5 dxe5 14.Nh4 Qf6 15.Qh5 Nc5 16.Rad1 Qg5
17.Qxg5 Nxg5 18.Ba3 Nge6 19.Nd5 Rf7 20.Nxf5 Bf8 21.Nde3 e4 22.Nd6 Nd3 23.Nxf7 Bxa3
24.Nh6+ Kg7 25.Nef5+ Kf6 26.Rxe4 Nec5 27.Re8 Bb2 28.Nd6 Kg6 29.Nhf7 Bd4 30.Nxc8 Nxf2
31.Rxd4  1-0

[Event "Chess Cruise g/15"]
[Site "Odessa/Istanbul UKR/TUR"]
[Date "2006.08.31"]
[Round "7"]
[White "Ivanchuk,V"]
[Black "Gaprindashvili,N1"]
[Result "1-0"]
[WhiteElo "2734"]
[BlackElo "2375"]

1.e4 b6 2.d4 Bb7 3.Bd3 e6 4.Nf3 d6 5.c4 g6 6.Bg5 f6 7.Be3 Nh6 8.Nc3 Nd7 9.b4 a5
10.a3 Bg7 11.O-O O-O 12.Qb3 Nf7 13.Rad1 Qe7 14.Rfe1 axb4 15.axb4 c6 16.c5 bxc5
17.bxc5 Rfb8 18.cxd6 Nxd6 19.Ra1 Ba6 20.Qc2 Bxd3 21.Qxd3 Qd8 22.Bf4 Nf8 23.h4 Rxa1
24.Rxa1 Rb7 25.Ra6 Qd7 26.Na4 Rb5 27.Bxd6 Qxd6 28.Qxb5 cxb5 29.Rxd6 bxa4
30.Ra6  1-0

[Event "Chess Cruise g/15"]
[Site "Odessa/Istanbul UKR/TUR"]
[Date "2006.08.31"]
[Round "10"]
[White "Gaprindashvili,N1"]
[Black "Palatnik,S"]
[Result "0-1"]
[WhiteElo "2375"]
[BlackElo "2478"]

1.d4 d5 2.c4 e6 3.Nc3 c5 4.cxd5 exd5 5.Nf3 Nc6 6.Bg5 Be7 7.Bxe7 Ngxe7 8.e3 cxd4
9.Nxd4 O-O 10.Nb3 Qb6 11.Qd2 Rd8 12.Nb5 Bg4 13.h3 Bh5 14.Bd3 Ne5 15.O-O Nc4
16.Bxc4 dxc4 17.N3d4 Qxb5  0-1

[Event "7th Veselin Boskovic Mem Op"]
[Site "Beograd SRB"]
[Date "2006.10.03"]
[Round "2"]
[White "Radusinovic,L"]
[Black "Gaprindashvili,N1"]
[Result "1/2-1/2"]
[WhiteElo "1990"]
[BlackElo "2375"]

1.d4 g6 2.c4 d6 3.Nc3 Nd7 4.e4 e5 5.d5 Bg7 6.f3 Nh6 7.Be3 f5 8.Qd2 f4 9.Bf2 O-O
10.h4 Nf7 11.Bd3 c5 12.a4 Nf6 13.Nge2 Nh5 14.Kd1 a6 15.Kc2 Bd7 16.g4 fxg3
17.Nxg3 Bh6 18.Qd1 Nxg3 19.Bxg3 Qf6 20.Qe2 Bf4 21.Bf2 b6 22.a5 Rfb8 23.axb6 Rxb6
24.Rhd1 Qd8 25.Be1 Rb7 26.b3 h5 27.Qg2 Kh7 28.Ne2 Be3 29.Qg3 Qf6 30.Bc3 Rb6
31.Rf1 Bf4 32.Nxf4 Qxf4 33.Qxf4 exf4 34.Ba5 Rb7 35.Bd2 Ne5 36.Be2 Rab8 37.Rfb1 Rb6
38.Bxf4 Nxf3 39.Bxf3 Rf8 40.Bxd6 Rxd6 41.Rf1 Bh3 42.Bg2 Rxf1 43.Bxf1 Bg4
44.e5 Rb6 45.Ra5 g5 46.hxg5 Kg6 47.Rxc5 Kxg5 48.e6 Kf6 49.Rc7 Ke5 50.Kc3 Rb8
51.Bd3 Rh8 52.Rg7 a5 53.Kd2 Rb8 54.Bc2 Kd4 55.e7 a4 56.bxa4 Bd7 57.e8=Q Bxe8
58.Rg8 Kxc4 59.d6 Rd8 60.Ke3 h4 61.Bf5 Kc5 62.d7 Bxd7 63.Rxd8 Bxf5 64.Rh8 Bd7
65.Rh5+ Kb6 66.Rxh4 Ka5 67.Kd4  1/2-1/2

[Event "7th Veselin Boskovic Mem Op"]
[Site "Beograd SRB"]
[Date "2006.10.04"]
[Round "3"]
[White "Gaprindashvili,N1"]
[Black "Milin,D"]
[Result "1-0"]
[WhiteElo "2375"]
[BlackElo "2100"]

1.d4 d5 2.c4 e6 3.Nf3 Nf6 4.Nc3 c6 5.Qb3 Bd6 6.g3 Nbd7 7.Bf4 Qe7 8.Bg2 O-O
9.Bxd6 Qxd6 10.O-O-O b5 11.cxb5 Rb8 12.Qa3 Qxa3 13.bxa3 cxb5 14.Ne1 Ba6 15.Nd3 Rfc8
16.Kd2 Nb6 17.Nc5 Nc4+ 18.Kc2 Nxa3+ 19.Kb3 Rb6 20.Nxd5 exd5 21.Kxa3 b4+ 22.Kb2 Bxe2
23.Rde1 Re8 24.h3 a5 25.g4 h6 26.f4 Bc4 27.Rxe8+ Nxe8 28.Re1 Rb8 29.Re7 Nf6
30.Re5 Re8 31.a3 Rxe5 32.dxe5 bxa3+ 33.Kxa3 Ne8 34.Ka4 Nc7 35.f5 d4 36.Be4 Nd5
37.Kxa5 Nf4 38.Kb4 Be2 39.h4 Bxg4 40.Kc4 Ne2 41.f6 gxf6 42.exf6 h5 43.Kd3 Kf8
44.Nb3 Ke8 45.Bc6+ Kf8 46.Be4 Ke8 47.Nxd4 Nxd4 48.Kxd4 Bd1  1-0

[Event "7th Veselin Boskovic Mem Op"]
[Site "Beograd SRB"]
[Date "2006.10.05"]
[Round "4"]
[White "Drljevic,L"]
[Black "Gaprindashvili,N1"]
[Result "1-0"]
[WhiteElo "2199"]
[BlackElo "2375"]

1.Nf3 g6 2.g3 Bg7 3.Bg2 e5 4.d3 d5 5.Nbd2 Ne7 6.O-O O-O 7.c4 c6 8.e4 dxe4
9.dxe4 Na6 10.a3 Nc5 11.b4 Nd3 12.c5 b6 13.Qc2 bxc5 14.Nc4 Nxc1 15.Rd1 Qc7
16.bxc5 Bh6 17.Nfxe5 f6 18.Nf3 Rb8 19.Nd4 Rd8 20.Nd6 Rxd6 21.cxd6 Qxd6 22.Nf5 Nxf5
23.Rxd6 Nxd6 24.f4 Nb3 25.Rd1 Bf8 26.Qxc6 Rb6 27.Qd5+ Nf7 28.Qa8 Bg4 29.Re1 Nc5
30.h3 Nd3 31.Re3 Rb1+ 32.Kh2 Nf2 33.e5 fxe5 34.fxe5 Be6 35.Qe8 Rb6 36.a4 a5
37.Kg1 Kg7 38.Rc3 Nxh3+ 39.Bxh3 Bxh3 40.Kh2 Be6 41.Rc6 Rxc6 42.Qxc6 Ng5 43.Qc7+ Kh6
44.Qxa5 Bg7 45.Kg2 Bf5 46.Qc5 Bh3+ 47.Kh2 Bxe5 48.Qf8+ Kh5 49.a5 Bf5 50.a6 Be4
51.Qb4 Bd4 52.Qb5 Kg4 53.Qd7+ Kh5 54.Qb5 Bf2 55.Qe5 Bb6 56.Qb5 Ba7 57.Qe5 Be3  1-0

[Event "7th Veselin Boskovic Mem Op"]
[Site "Beograd SRB"]
[Date "2006.10.06"]
[Round "5"]
[White "Ugrenovic,B"]
[Black "Gaprindashvili,N1"]
[Result "0-1"]
[WhiteElo "2028"]
[BlackElo "2375"]

1.e4 b6 2.d4 Bb7 3.Nc3 e6 4.f4 Bb4 5.Bd3 f5 6.Qe2 fxe4 7.Bxe4 Bxe4 8.Qxe4 Nc6
9.Nf3 Nf6 10.Qe2 O-O 11.Qd3 Nd5 12.Ng5 g6 13.O-O Bxc3 14.bxc3 Qf6 15.Qh3 Qg7
16.Qd3 b5 17.Bd2 Rab8 18.Rab1 a6 19.Rf3 Na5 20.Rbf1 Nc4 21.Bc1 Nf6 22.Rh3 Rfe8
23.Rff3 Nd6 24.Ba3 Nf7 25.Rfg3 Nxg5 26.Rxg5 Qf7 27.Rhg3 Kh8 28.Bc1 Rg8 29.h4 Nd5
30.R3g4 Qf6 31.h5 gxh5 32.Rxh5 Qf7 33.Rgh4 Rg7 34.f5 Rbg8 35.Rh2 Rxg2+ 36.Rxg2 Rxg2+
37.Kxg2 Qxh5 38.fxe6 dxe6 39.Qf1 Qf5 40.Qe1 Qxc2+ 41.Kh1 Qf5 42.Qh4 Qf1+
43.Kh2 Qxc1 44.Qd8+ Kg7 45.Qd7+ Kf6 46.Qd8+ Kf5  0-1

[Event "7th Veselin Boskovic Mem Op"]
[Site "Beograd SRB"]
[Date "2006.10.07"]
[Round "6"]
[White "Gaprindashvili,N1"]
[Black "Mikicic,Du"]
[Result "1-0"]
[WhiteElo "2375"]
[BlackElo "2200"]

1.d4 Nf6 2.c4 c5 3.d5 d6 4.Nc3 g6 5.e4 Bg7 6.Nf3 O-O 7.Be2 Na6 8.O-O Nc7
9.h3 a6 10.a4 b6 11.Bf4 Rb8 12.e5 Nfe8 13.Qd2 Bd7 14.Bh6 b5 15.axb5 axb5
16.Bxg7 Kxg7 17.b3 bxc4 18.bxc4 Rb4 19.Rfb1 dxe5 20.Nxe5 Rxb1+ 21.Rxb1 Nd6
22.Qe3 Na6 23.Ra1 Nf5 24.Qf4 Bc8 25.Nb5 f6 26.Nc6 Qd7 27.Bg4 e5 28.Qc1 Bb7
29.Nc3 h5 30.Bxf5 gxf5 31.f4 e4 32.Na5 Ba8 33.Nb3 Bb7 34.Qe3 Rc8 35.Ra5 Qd6
36.Na4 Bxd5 37.cxd5 c4 38.Nd4  1-0